[Event "SRB Central-ch op-A 7th"]
[Site "Paracin"]
[Date "2014.07.08"]
[Round "5"]
[White "Obodchuk, Andrei"]
[Black "Atalik, Suat"]
[Result "0-1"]
[WhiteElo "2374"]
[BlackElo "2550"]
[Annotator "Atalik,S"]
[PlyCount "89"]
[EventDate "2014.07.04"]
[EventType "swiss"]
[EventRounds "9"]
[EventCountry "SRB"]
[SourceTitle "CBM 163"]
[Source "ChessBase"]
[SourceDate "2014.11.11"]
[SourceVersion "1"]
[SourceVersionDate "2014.11.11"]
[SourceQuality "1"]

1. d4 Nf6 2. c4 e6 3. Nf3 b6 4. e3 Bb4+ 5. Nc3 Bb7 (5... Ne4 6. Qc2 Bb7 7. Bd3
f5 8. O-O Bxc3 9. bxc3 O-O {is not as efficient as it was used to be believed.}
10. Nd2 (10. c5 Rf6 (10... bxc5 11. Rb1 Qc8 12. Ba3 (12. Nd2 Nxd2 13. Qxd2 $44)
12... d6 13. dxc5 Nxc5 14. Bxc5 Bxf3 15. gxf3 dxc5 16. e4 $13) 11. Ne1 Rh6 12.
g3 $13) 10... Qh4 11. f3 Nxd2 12. Bxd2 Nc6 13. Be1 Qg5 14. e4 fxe4 15. Bxe4 $40
) 6. Bd3 O-O 7. O-O Re8 $5 {In mid 80's, Pera Popovic used to play this move
frequently.} 8. Bd2 d6 9. a3 (9. Qc2 Nbd7 10. e4 e5) 9... Bxc3 10. Bxc3 Nbd7
11. Bc2 $5 ({The most common is} 11. Nd2 c5 $5 (11... e5 12. d5)) 11... d5 $1
$146 {In the sprit of the flexible Nimzo Indian.} 12. cxd5 (12. Ne5 $142 Nxe5
13. dxe5 Ne4 14. Bxe4 dxe4 $11) 12... exd5 13. Ne5 $6 {I am strongly against
this move which gives better chances for Black due to better pawn structure.} (
13. Nd2 Ne4 14. Re1 Ndf6 15. f3 Nxc3 16. bxc3 c5 $13) 13... Nxe5 14. dxe5 Ne4
15. Bxe4 dxe4 16. Qg4 Re6 17. Rfd1 Qe7 $1 {I have correctly decided to
surrender the d-line and instead to concentrate my forces in the kingside.} (
17... Bd5 $6 18. f4) 18. Rd2 h6 19. Rad1 Bc6 20. h4 $6 {A typical structure
made the game abundant of mistakes.} (20. Bb4 $1 Qe8 (20... Qg5 21. Qxg5 hxg5
$11) 21. Qh4 Ba4 (21... g5 22. Qh5 a5 23. Bc3 f5 $13) 22. Rd8 Bxd1 23. Rxe8+
Raxe8 24. Qxe4 Rxe5 25. Qd4 Bh5 26. Bc3 c5 27. Qxe5 Rxe5 28. Bxe5 $11) 20... a5
$5 {At first hand I could not make use of White's wrong plan.} (20... Rg6 21.
Qf5 $5 (21. Qh3 Ba4 22. Rc1 Rd8 $17) (21. Qf4 Qe6 $17) 21... Qxh4 22. e6 Rxe6
23. Rd7 Re7 (23... Bxd7 $2 24. Rxd7 Rf8 25. Qxe6 fxe6 26. Rxg7+ $16) 24. Rd8+
Re8 25. Qe5 Qg4 26. Qxc7 $11) 21. Rd4 (21. g3 $1 Re8 22. h5 $11) 21... Rg6 22.
Qf4 $2 {He had to go in the rooks ending.} (22. Qf5 Qxh4 23. e6 Rxe6 24. Rd7
Bxd7 25. Rxd7 Rf6 26. Bxf6 Qxf6 27. Qxf6 gxf6 28. Rxc7 Rd8 29. Rc6 Rd1+ 30. Kh2
Rd2 31. Rxb6 Rxf2 32. Kg3 Re2 33. Rxf6 Rxe3+ 34. Kf4 Rb3 35. Rxh6 Rxb2 36. Ra6
$11) 22... Re8 23. h5 Rg5 24. Qh2 Qe6 $17 25. Qh4 Kh7 $5 (25... Qxe5 26. Qf4
Qe7 $19) 26. Rxe4 $4 {A real blunder. This world is so wrongly used by so many
people it is amazing. However now it is obvious that Andrei blundered the
x-ray attack on g2!} f5 {I even had a better move.} (26... Qf5 $142 27. f3 (27.
Rf4 Rd8) 27... Qxf3 $19) 27. Red4 Bxg2 (27... Rxg2+ 28. Kf1 Bf3 29. Qf4 Bc6 $19
) 28. Qxg5 $1 {The only chance.} (28. f4 Rg4 29. Qxg4 fxg4 30. Kxg2 c5 $19)
28... hxg5 29. Kxg2 f4 (29... Qc6+ 30. Rd5 Kh6 $19) 30. f3 Qxe5 $6 (30... fxe3
31. Re4 Kh6 $19) 31. Rd7 (31. Re4 Qb5) 31... Qxe3 $2 {My hesitante play in
time trouble almost cost me a half a point.} (31... Qb5 $8 32. Rxg7+ Kh6 $19)
32. Re1 $2 {He missed an unobvious way to draw the game after my bad play.} (
32. Rxg7+ Kh6 33. Rd5 $3 {is a bombshell!} (33. Rdd7 $2 Qe2+ (33... Kxh5 34.
Rh7+ Kg6 35. Rhg7+ Kf5 36. Rd5+ Ke6 37. Re5+ Qxe5 38. Bxe5 Kxe5 39. Rxc7 Rd8
$17) 34. Kg1 Qc2 $19) 33... Re7 (33... Qe2+ 34. Kg1 Qxf3 35. Rg6+ Kxh5 36.
Rdxg5+ Kh4 37. Rg2 $1 Kh5 $8 38. R2g5+ Kh4 39. Rg2 $11) 34. Rg6+ Kh7 35. Rd8
Qe2+ 36. Kg1 $11) {Difficult to choose in between} 32... Qxe1 ({and} 32... Qxc3
33. bxc3 Rxe1 34. Rxc7 Kh6 35. Rc6+ Kxh5 36. Rxb6 Re2+ 37. Kg1 (37. Kh3 Rf2 $19
) 37... Kh4 $19) 33. Bxe1 Rxe1 34. Rxc7 Re2+ $2 (34... Kh6 35. Rc6+ Kxh5 36.
Rxb6 Re2+ 37. Kf1 Rc2 $19 {and the king's infiltration Kh4-g3 should gain the
point easily.}) 35. Kh3 Rxb2 36. Rc6 $2 {Marking time unnecessarily.} (36. Kg4
Rg2+ 37. Kf5 g4 $1 38. fxg4 f3 39. Kg5 Rb2 40. Rf7 f2 41. h6 Rb5+ (41... Kg8
42. Kg6 gxh6 43. Rg7+ Kf8 44. Rf7+ Ke8 45. Rf5 Ra2 46. Kxh6 b5 47. g5 Rxa3 48.
Rxf2 $11) 42. Kh4 Kxh6 43. Rxf2 g5+ 44. Kg3 Rb3+ 45. Kg2 Kg6 46. Rd2 Kf6 $19 {
should also win.}) 36... b5 37. Rb6 a4 38. Kg4 Rg2+ 39. Kf5 g4 $1 $19 40. Kxf4
(40. fxg4 f3 {and the pawn becomes unstoppable.}) 40... gxf3 41. Kxf3 Rg5 42.
Kf4 Rxh5 43. Kg4 Rc5 44. Kh4 Kg8 $1 {Simplest.} 45. Rb7 (45. Rb7 Kf8 46. Kg4 g5
47. Kh5 Ke8 48. Kg4 Kd8 49. Kh5 Kc8 50. Rg7 Kb8 51. Kg4 Rc3 52. Rxg5 Rb3 53.
Kf4 Kb7 54. Ke4 Kb6 {wins easily.}) 0-1

[Event "EU-chT (Men) 13th"]
[Site "Leon"]
[Date "2001.11.09"]
[Round "4.3"]
[White "Muir, Andrew Joseph"]
[Black "Zelcic, Robert"]
[Result "0-1"]
[WhiteElo "2313"]
[BlackElo "2547"]
[Annotator "Atlas,V"]
[PlyCount "50"]
[EventDate "2001.11.06"]
[EventType "team-swiss"]
[EventRounds "9"]
[EventCountry "ESP"]
[SourceTitle "CBM 086"]
[Source "ChessBase"]
[SourceDate "2002.02.05"]
[SourceVersion "1"]
[SourceVersionDate "2002.02.05"]
[SourceQuality "1"]
[WhiteTeam "Scotland"]
[BlackTeam "Croatia"]
[WhiteTeamCountry "SCO"]
[BlackTeamCountry "CRO"]

1. d4 Nf6 2. c4 e6 3. Nc3 Bb4 4. e3 b6 5. Bd3 Bb7 6. Nf3 O-O 7. O-O c5 8. Na4
Qe7 9. a3 Ba5 10. dxc5 bxc5 11. Nxc5 Qxc5 12. b4 Qc7 13. Bb2 d6 14. Bxf6 gxf6
15. Nd4 f5 16. bxa5 Nd7 17. Qh5 Kh8 18. Nxf5 Ne5 19. Nxd6 Nxd3 20. Qh4 Rg8 21.
Qf6+ Rg7 22. Nxb7 Qxb7 23. f3 Rag8 24. Rab1 $2 ({This natural move allows
Black to conclude the game in style. More stubborn was} 24. Ra2) {[%tqu "En",
"White is very close to victory. How can he achieve it?","Your heavy artillery
on the g-file has incredible power - you just need to unleash it!","Try to
deflect the enemy queen pinning the g7-rook.","b7e7","This elegant queen
sacrifice is definitely the shortest way to victory.",5]} 24... Qe7 $1 {
[%csl Rg1,Rg2][%cal Gg8g1,Gd3f2] A very elegant and powerful move!} 25. Qc3 ({
The tactical justification of the queen sacrifice is iluustrated by the line:} 
25. Qxe7 Rxg2+ 26. Kh1 Rg1+ $1 27. Rxg1 Nf2#) ({An attempt to keep an eye on
the e3-pawn is refuted by} 25. Qd4 e5 $1 26. Qxd3 Rxg2+ 27. Kh1 Rxh2+ 28. Kxh2
Qh4#) 25... Qg5 $1 {[%csl Rg2][%cal Gg7g2,Gg5e3]} (25... Qg5 {, and White
resigned in view of terrible material losses:} 26. g3 Qxe3+ 27. Kg2 Nf4+) 0-1

[Event "AUT-chT 0001"]
[Site "Austria"]
[Date "2000.10.22"]
[Round "2.3"]
[White "Ganaus, Hannes"]
[Black "Atlas, Valeri"]
[Result "0-1"]
[WhiteElo "2380"]
[BlackElo "2468"]
[Annotator "Atlas,V"]
[PlyCount "70"]
[EventDate "2000.10.21"]
[EventType "team-tourn"]
[EventRounds "11"]
[EventCountry "AUT"]
[SourceTitle "EXT 2001"]
[Source "ChessBase"]
[SourceDate "2000.11.22"]
[SourceVersion "1"]
[SourceVersionDate "2000.11.22"]
[SourceQuality "1"]
[WhiteTeam "Melk-Wachau SK NOE"]
[BlackTeam "Hohenems SK"]
[WhiteTeamCountry "AUT"]
[BlackTeamCountry "AUT"]

1. d4 Nf6 2. c4 e6 3. Nc3 Bb4 4. e3 O-O 5. Bd3 c5 6. Nf3 b6 7. O-O Bb7 8. Bd2
d6 9. a3 ({There are several alternatives to the text:} 9. Qe2 Nbd7 10. a3 Bxc3
11. Bxc3 Ne4 (11... Rc8 12. Rac1 Re8 13. Rfd1 Qc7 14. Nd2 cxd4 15. exd4 Nf8 16.
Nf1 Ng6 17. Bd2 Qb8 18. b4 e5 19. Bxg6 hxg6 20. dxe5 dxe5 21. Be3 Re6 {0-1
Lyrberg,P-Ionov,S/Linares 1996/CBM 51 ext (29)}) 12. Bxe4 Bxe4 13. Nd2 Bg6 14.
e4 cxd4 15. Bxd4 e5 16. Bc3 Nc5 17. Bb4 Ne6 18. g3 f5 19. f3 Nd4 20. Qd3 Re8
21. Rae1 fxe4 22. fxe4 d5 23. cxd5 Qxd5 24. Nf3 Qb5 {1/2-1/2 Ivegard,
B-Andersson,A/WT/M\508 1991 (35)}) (9. Qc2 Nbd7 10. a3 Bxc3 11. Bxc3 Rc8 12.
Nd2 h6 13. Rac1 d5 14. b3 dxc4 15. bxc4 Qc7 16. Rfd1 Rfe8 17. Nf1 cxd4 18. exd4
Qf4 19. Ng3 h5 20. h3 h4 21. Nf1 Ne4 {1/2-1/2 Najdorf,M-Bronstein,D/Zuerich
1953/Candidates (21)}) (9. Rb1 Nbd7 10. a3 Bxc3 11. Bxc3 Ne4 12. Qc2 Ndf6 13.
Be1 Qc7 14. Nd2 Qc6 15. Nxe4 Nxe4 16. f3 Nf6 17. Bh4 h6 18. Bxf6 gxf6 19. Qc3
Kg7 20. b4 Qc7 21. e4 Rh8 22. e5 cxd4 23. exf6+ Kxf6 24. Qxd4+ Ke7 25. Rfc1
Rag8 26. c5 Bxf3 {0-1 Garcia,R-Carrasco,J/España eq. 1992 (30)}) 9... Ba5 10.
Qe2 ({Another option is:} 10. dxc5 bxc5 11. Qc2 Bxf3 12. gxf3 Nc6 13. Rfd1 d5
14. Na4 Ne5 15. Be2 Rc8 16. cxd5 exd5 17. f4 Ng6 18. Rac1 Bxd2 19. Qxd2 Qe7 20.
b4 Ne4 21. Qxd5 Rfe8 22. Qf5 Qh4 23. Rf1 Nd2 24. Rfd1 Ne4 25. Rf1 Nd2 26. Rfd1
{1/2-1/2 Mochalov,E-Litvinov,V/Minsk 1987/EXT 99 (26)}) 10... Bxc3 11. Bxc3 Ne4
({After} 11... Be4 12. Nd2 Bxd3 13. Qxd3 {White keeps an edge.}) 12. Bxe4 Bxe4
13. Rfd1 Qe7 14. Nd2 Bb7 ({If} 14... Bg6 {then} 15. e4 {, and White is clearly
better.}) 15. Qd3 Nd7 16. e4 Rad8 17. Nf1 Qh4 18. Re1 Nf6 19. d5 e5 $6 (19...
Nh5 {was to be preferred here. Now, if} 20. g3 {then} Qh3 {, with the idea 21..
.f5|^. After the text move White obtains a durable advatage.}) 20. Qg3 $1 Qxg3
21. hxg3 {[%cal Gb2b4]} (21. Nxg3 {also deserved attention here, but the pawn
capture is more consequent.}) 21... Ba6 22. Nd2 b5 {A risky but necessary pawn
thrust. White was threatening 23.b4 developing a very dangerous initiative on
the queenside.} 23. b4 ({A tempting continuation. Yet, prosaic} 23. cxb5 Bxb5
24. f3 {was, probably, a better option for White.}) 23... Nd7 ({The onky move.
After} 23... bxc4 24. bxc5) ({or} 23... cxb4 24. axb4 {White should easily win.
}) 24. cxb5 Bxb5 25. a4 $6 (25. Nb3 {, intending to play 26.bc5, followed by
the maneuver Na5-c6, was to be preferred. The temping text move yields Black
good counterchances.}) 25... Bd3 $1 ({Certainly, not} 25... Ba6 $2 26. b5 {
, followed by Nc4,with a critical position for Black.}) 26. Re3 $6 {Again not
the strongest continuation. White's rook move clearly indicates that he
underestimates Black's dangerous counterplay.} c4 27. g4 h5 $3 {[%csl Re4,Rg4]
[%cal Gh5g4,Gf7f5,Gf5e4] ><d5 This excellent pawn thrust justifies Black's
queenside operations. Black intends to attack the central pawn formation of
his opponent and needs to distract the g4-pawn to enable his f-pawn effective
advancement.} 28. gxh5 (28. g5 {is strongly met by} f5 {, with a dangerous
initiaitve.}) 28... f5 $1 {[%csl Rd5,Re4][%cal Gd7f6,Gf6d5,Gf6e4,Gf6h5,Gf6g4,
Gd3e4]} 29. f3 (29. exf5 Nf6 {is suicidal for White.}) 29... Nf6 {[%cal Gf6h5,
Gh5f4,Gf4e2,Gh5g3] Now it seems evident that Black developed very dangerous
initative due to excellent interaction of his minor pieces.} 30. b5 Nxh5 31.
Rc1 $6 ({Certainly, not} 31. Rae1 $2 f4 {Instead, 31. Bb4, with the idea 32.
Nb1-c3, deserved serious attention.}) 31... Nf4 {Threatening 32...Ne2+.} (31...
Ng3 {does not bring anything in view of} 32. Kf2) 32. Rce1 Rd7 $1 {A useful
move, improving rook interaction. Black intends to play 33...g5, with various
threats, such as 34...g4 or 34.. Rh7.} 33. Nf1 (33. a5 {falls short of} Rb8) (
33. Bb4 {deserved attention instead of the text move.}) 33... Nh5 {Resuming
the threat 34...f4.} 34. exf5 $2 {Breaking under pressure. After 34.Rc1 Black
has promising chances on the kingside, but the outcome is not yet clear.} Nf4 {
With the fall of the d5-pawn, nothing cat stop Black's central pawn armada.}
35. Rxd3 $6 cxd3 0-1

[Event "Minsk International"]
[Site "Minsk"]
[Date "1982.05.22"]
[Round "12"]
[White "Inkiov, Ventzislav"]
[Black "Psakhis, Lev"]
[Result "1-0"]
[WhiteElo "2495"]
[BlackElo "2545"]
[Annotator "Belov,I"]
[PlyCount "91"]
[EventDate "1982.05.07"]
[EventType "tourn"]
[EventRounds "15"]
[EventCountry "URS"]
[EventCategory "11"]
[SourceTitle "MCL"]
[Source "ChessBase"]
[SourceDate "1999.07.01"]
[SourceVersion "1"]
[SourceVersionDate "1999.07.01"]
[SourceQuality "1"]

1. d4 Nf6 2. Nf3 e6 3. c4 b6 4. Nc3 Bb4 5. e3 Ne4 6. Qc2 Bb7 7. Bd3 f5 8. O-O
Bxc3 9. bxc3 O-O 10. Ne1 (10. Nd2 Qh4 11. f3 Ng5 $6 (11... Nxd2 $142 12. Bxd2
Nc6 13. Rae1 Na5 $10 {Aloni,A-Fisher,R/Netanya/1968/ Inf 7/528/}) 12. d5 $1 Nf7
13. f4 Na6 14. Ba3 $1 Rfe8 15. Rae1 c5 $1 $13 {Lautier,J-Anand,V/Madrid/1993/0:
1 (38) Inf 58/592/}) 10... c5 (10... Nc6 $5 11. f3 Ng5 12. Qe2 {Portisch,L-Van
der Wiel,J/Wijk aan Zee/1985/ Inf 39/699/} e5 13. f4 e4 14. Bc2 Nf7 $10) 11. f3
Ng5 (11... Nd6 12. Qe2 Nc6 13. Ba3 Qc7 14. Nc2 Na5 15. e4 Ba6 $10 {Zysk,
R-Razuvaev,Y/Athens/1986/ Inf 42/736/}) 12. d5 Qf6 (12... exd5 $6 13. cxd5 Bxd5
14. Bxf5 $16) 13. e4 (13. f4 $6 Ne4 $1) 13... f4 14. e5 $1 Qh6 (14... Qxe5 15.
h4 Nf7 16. Bxh7+ Kh8 17. Be4 $16) 15. Be4 d6 16. exd6 (16. Nd3 $5) 16... e5 17.
Nd3 Nxe4 (17... Qxd6 18. Nf2 $14) 18. fxe4 Qxd6 (18... Nd7) 19. Bxf4 $5 exf4
20. e5 Qh6 21. e6 $44 Na6 22. Rae1 Nc7 23. Qe2 (23. Qa4 $5 b5 24. Qa5 $44)
23... Rae8 (23... Bxd5 $6 24. cxd5 Nxd5 25. e7 Rfe8 26. Nxf4 $1 $16) 24. Qg4 (
24. Qe5 $2 Nxe6 25. dxe6 Qg6 26. Qe2 f3 27. Qd2 Rxe6 $17) 24... Bxd5 $6 (24...
Qg6 $142 25. Qxg6 hxg6 26. Nxf4 g5 27. Ng6 Rxf1+ 28. Rxf1 Nxd5 29. cxd5 Bxd5
$17) 25. e7 $1 Be6 $6 (25... Rf7 $142 26. cxd5 Qd6 $1 27. Nxf4 Rfxe7 28. Rxe7
Qxe7 $1 $13) 26. exf8=Q+ Rxf8 27. Qd1 Rd8 $6 (27... Bxc4 $142 28. Re4 Bd5 29.
Rexf4 Re8 $16) 28. Rxf4 Qg6 29. Qf3 $1 h6 30. Ne5 $18 Qc2 31. h4 Re8 32. Rf1
Kh7 33. Qc6 Rc8 34. Nd7 Qxc3 35. Qe4+ Kh8 36. Ne5 Qd4+ 37. Qxd4 cxd4 38. Rxd4
Kh7 39. h5 $1 b5 40. c5 Bxa2 41. c6 Be6 42. Ng6 a5 43. Rf8 Rxf8 44. Nxf8+ Kg8
45. Nxe6 Nxe6 46. Rd7 1-0

[Event "Bundesliga 0607"]
[Site "Germany"]
[Date "2006.11.17"]
[Round "7.4"]
[White "Graf, Alexander"]
[Black "Bindrich, Falko"]
[Result "0-1"]
[WhiteElo "2583"]
[BlackElo "2486"]
[Annotator "Bindrich,F"]
[PlyCount "60"]
[EventDate "2006.10.28"]
[EventType "team-tourn"]
[EventRounds "15"]
[EventCountry "GER"]
[SourceTitle "EXT 2007"]
[Source "ChessBase"]
[SourceDate "2006.11.23"]
[SourceVersion "1"]
[SourceVersionDate "2006.11.23"]
[SourceQuality "1"]
[WhiteTeam "Porz"]
[BlackTeam "Remagen"]
[WhiteTeamCountry "GER"]
[BlackTeamCountry "GER"]

1. d4 Nf6 2. c4 e6 3. Nc3 Bb4 4. e3 b6 5. Bd3 Bb7 6. Nf3 Ne4 7. O-O Bxc3 8.
bxc3 f5 $6 {Somehow I remembered some lines where Black castles longside and
so I decided to play f5. But objectively short castle is more precisely.} (8...
O-O $142) 9. Ba3 $5 {Interesting move but definitely not the best.} (9. Ne1
$142) 9... Qf6 (9... Nxc3 10. Qe1 Bxf3 11. gxf3 Qg5+ 12. Kh1 Qh5 13. Rg1 (13.
Qxc3 Qxf3+ $11) 13... Qxf3+ 14. Rg2 Ne4 15. Be2 Qh3 $13 {I saw this variation
but in my preparation I found out that my opponents' fitness and concentration
has not been so good in the last tournaments and this is the reason why I
decided to avoid such lines.}) 10. Nd2 Nxd2 $146 (10... d6 11. Bxe4 fxe4 12. c5
dxc5 13. dxc5 Qxc3 14. Nb3 Nc6 15. Qg4 Qe5 16. Rfd1 Ne7 17. Rac1 Bd5 18. cxb6
axb6 19. Bb4 c5 20. Bc3 Qf5 21. Qg3 Rxa2 22. Ra1 Rxa1 23. Rxa1 Rf8 24. Ra7 e5
25. Nd2 Rf6 26. Bxe5 Rg6 27. Qf4 Qxf4 28. Bxf4 b5 29. Ra5 c4 30. Be5 b4 31. Rb5
c3 32. Nf1 c2 33. Bb2 Rc6 34. Bc1 b3 35. Ng3 Ra6 {0-1 Lautier,J (2580)-Bricard,
E (2430)/France 1992/EXT 97}) 11. Qxd2 d6 12. f3 Nd7 13. e4 $14 fxe4 $5 (13...
f4 $5 14. Rab1 e5 15. Be2 c5 16. Rfd1 Rd8 17. Bb2 {While looking at this
position at the board I felt that only White has chances to improve his
position.} O-O 18. a4 Bc6 19. Ra1 a5 20. Qc2 {But it might be not more than a
draw}) (13... O-O 14. e5 $16) (13... O-O-O 14. exf5 exf5 15. Rfe1 $16) 14. fxe4
Qh4 15. e5 $5 {Graf wants to win "in style".} (15. g3 Qh5 16. Rab1 O-O-O $14) (
15. Rf4 Qh6 16. Raf1 e5 $14) (15. Qe1 Qxe1 16. Raxe1 e5 17. Bc1 Rf8 18. Rf5 g6
19. Rff1 O-O-O 20. Bh6 Rxf1+ 21. Rxf1 Re8 $11) 15... dxe5 16. d5 $5 (16. g3 Qg4
$1 17. Rae1 O-O-O $11) 16... exd5 17. cxd5 (17. Bf5 O-O-O 18. cxd5 $13) 17...
O-O-O (17... Bxd5 $6 {is a bit too dangerous} 18. Bf5 c6 19. c4 $1 Qxc4 20. Qg5
Nc5 21. Bb2 Ne6 22. Qh5+ Kd7 23. Qf7+ Kd6 24. Rad1 $18) 18. Rf7 $2 {This is a
bit too optimistic.} (18. Bf5 $5 {was the move I expected him to play} Kb8 19.
d6 c5 $13 {Unclear position, but I felt confidently because of the misplaced
bishop on a3.}) 18... e4 $1 {And black seizes the initiative, what was also
really important due to the fact that Graf was short of time.} 19. Rf4 Qh6 20.
Bxe4 Rhe8 {All black pieces are harmonating.} 21. Bf5 Kb8 22. c4 {This pawn
becomes a weakness} (22. d6 Nf6 (22... c5)) 22... Ne5 $15 23. Rd1 $6 $138 (23.
Rc1 Ba6 $15) 23... Ba6 {He cannot hold this pawn any longer.} (23... b5 $5 {
I really thought about this move but then I thought: why to give him chances
especially if he's in timetrouble.} 24. Qf2 (24. cxb5 Rxd5 $19) 24... Nxc4 $15)
(23... Nxc4 $142 $1 {is the brutal solution that I didn't calculate during the
game.} 24. Rxc4 Rxd5 25. Bd3 Qe3+ 26. Qxe3 Rxe3 27. Bb2 (27. Rc3 Ba6 $19) 27...
Rexd3 28. Rxd3 Rxd3 29. Bxg7 Rd2 30. Be5 Rxg2+ 31. Kf1 Ba6 32. Bxc7+ Kb7 33.
Kxg2 Bxc4 34. Be5 Bxa2 $19) 24. Qf2 (24. Rc1 Nxc4) (24. Bc1 Nxc4) 24... Nxc4
25. Bc1 g5 $5 {About here Graf had only some seconds on the clock.} (25... Qd6
$142 26. Bxh7 Rh8 27. Rh4 g6 $17) 26. Rfd4 (26. Rg4 $1 Qh5 27. Bxg5 Rd6 $13)
26... Qg7 27. Be6 Nd6 28. Qg3 Rf8 29. h3 h6 (29... Nf5 $5 30. Bxf5 Rxf5 31. Bb2
Qe7 32. d6 Rxd6 33. Rxd6 cxd6 34. Rxd6 Kb7 $17) 30. Bb2 Qg6 {Time and game over
} 0-1